00434nam a22001457a 450000500170000000800410001702000180005804100080007608200160008410000130010024500850011326000360019830000190023465000350025320250825155935.0250825b |||||||| |||| 00| 0 eng d a9780143474500 aEng a658.421 GAN aGanesh K aMastering Disruption: A Practical Guide to Understanding New Age Business Models aHaryanabPenguin Businessc2025 a276;. P. 23 cm aEntrepreneurship; New Business